00938nam a2200193 a 4500001000200000003001000002005001700012008004100029040002300070082002400093245013200117260004100249300002900290500003800319500009700357505018600454600006400640650004000704 00001610620211102121105.0100225s1987 dr c 000 0 spa d aBPMSU bspacBPMSU a928bC744b 198722200aConcepción Bona (1824-1901) :b Homenaje a la heroína nacional con motivo del traslado de sus restos al Panteón Nacional  aSanto Domingo :bIntergrafic,c1987. a24 p. :bretr. ;c21 cm. aIncluye notas al pie de páginas aHomenaje a la heroína nacional con motivo del traslado de sus restos al Panteón Nacional0 aIntroducción -- Corta biografía -- Carta de la biznieta de Concepción Bona al presidente Balaguer-- Decreto disponible traslado restos Concepción Bona al Panteón Nacional.14aBona y Fernández, María de la Concepción d1824-1901 4aMujeres dominicanas xBiografías